| 000 | 00536nam a22001577a 4500 | ||
|---|---|---|---|
| 020 | _qHard Cover. | ||
| 082 | _a658.3 | ||
| 100 | _aMehmood, Amna. | ||
| 245 |
_aThe Relationship between Workplace Bullying and Stress in the Pakistan Context: _bThe Moderating Role of Coping Strategies _cAmna Mehmood. |
||
| 260 |
_aIslamabad: _bNBS - NUST, _c2018. |
||
| 300 |
_a109 p.: ill.; _c30cm. |
||
| 650 |
_aHRM - MS-Thesis. _921029 |
||
| 700 |
_aMaria Khan. _917654 |
||
| 942 |
_2ddc _cTHE |
||
| 999 |
_c531802 _d531802 |
||